2025/26 Manchester United 3-2 Liverpool Highlights - Statistics

General Stats
  • This quiz has been taken 7 times
  • The average score is 25 of 34
Answer Stats
Hint Answer % Correct
30 Benjamin Sesko
86%
8 Bruno Fernandes
86%
19 Bryan Mbeumo
86%
18 Casemiro
86%
2 Diogo Dalot
86%
5 Harry Maguire
86%
37 Kobbie Mainoo
86%
23 Luke Shaw
86%
10 Matheus Cunha
86%
31 Senne Lammens
86%
10 Alexis Mac Allister
71%
16 46' Amad
71%
26 Andy Robertson
71%
26 Ayden Heaven
71%
14' Benjamin Sesko
71%
18 Cody Gakpo
71%
56' Cody Gakpo
71%
17 Curtis Jones
71%
8 Dominik Szoboszlai
71%
47' Dominik Szoboszlai
71%
14 88' Federico Chiesa
71%
7 Florian Wirtz
71%
28 Freddie Woodman
71%
5 Ibrahima Konate
71%
77' Kobbie Mainoo
71%
6' Matheus Cunha
71%
73 75' Rio Ngumoha
71%
38 Ryan Gravenberch
71%
4 Virgil Van Dijk
71%
30 Jeremie Frimpong
57%
11 87' Joshua Zirkzee
57%
15 90+6' Leny Yoro
57%
6 59' Milos Kerkez
57%
13 75' Patrick Dorgu
43%
No matching quizzes found
Score Distribution
Percent of People with Each Score
Percentile by Number Answered
Your Score History
You have not taken this quiz